LEADER 01392nam 2200481 450 001 9910148722503321 005 20230801235348.0 010 $a1-62257-409-5 035 $a(CKB)3710000000922316 035 $a(MiAaPQ)EBC4743851 035 $a(EXLCZ)993710000000922316 100 $a20161123h20122012 uy| 0 101 0 $aeng 135 $aurcnu|||||||| 181 $2rdacontent 182 $2rdamedia 183 $2rdacarrier 200 00$aAlgeria, Egypt, Libya, Syria, Tunisia $ehuman rights reports /$fSeth Rollins and Kirk M. Branch, editors 210 1$aNew York :$cNova Publishers,$d[2012] 210 4$dİ2012 215 $a1 online resource (195 pages) 225 1 $aHuman rights : background and issues 311 $a1-62257-408-7 320 $aIncludes bibliographical references and index. 410 0$aHuman rights, background and issues. 606 $aHuman rights$zAfrica, North 607 $aAfrica, North$xPolitics and government 607 $aEgypt 607 $aLibya 607 $aSyria 607 $aTunisia 607 $aAlgeria 615 0$aHuman rights 676 $a323.0961 702 $aRollins$b Seth 702 $aBranch$b Kirk M. 801 0$bMiAaPQ 801 1$bMiAaPQ 801 2$bMiAaPQ 906 $aBOOK 912 $a9910148722503321 996 $aAlgeria, Egypt, Libya, Syria, Tunisia$93404107 997 $aUNINA LEADER 01291oam 2200445zu 450 001 9910140822903321 005 20241212215949.0 010 $a9781424472604 010 $a1424472601 035 $a(CKB)2670000000033779 035 $a(SSID)ssj0000558794 035 $a(PQKBManifestationID)12225389 035 $a(PQKBTitleCode)TC0000558794 035 $a(PQKBWorkID)10560880 035 $a(PQKB)10346361 035 $a(NjHacI)992670000000033779 035 $a(EXLCZ)992670000000033779 100 $a20160829d2010 uy 101 0 $aeng 135 $aur||||||||||| 181 $ctxt 182 $cc 183 $acr 200 10$a2010 Shape Modeling International Conference 210 31$a[Place of publication not identified]$cI E E E$d2010 215 $a1 online resource $cillustrations 300 $aBibliographic Level Mode of Issuance: Monograph 311 08$a9781424472598 311 08$a1424472598 606 $aComputer graphics$vCongresses 606 $aEngineering models$vCongresses 615 0$aComputer graphics 615 0$aEngineering models 676 $a006.6 702 $aIEEE Staff 801 0$bPQKB 906 $aPROCEEDING 912 $a9910140822903321 996 $a2010 Shape Modeling International Conference$92542925 997 $aUNINA